Apparatus and methods of oceanography

Uloženo v:
Podrobná bibliografie
Hlavní autor: Barnes, Harold (Autor)
Médium: Kniha
Jazyk:angličtina
Vydáno: Londres George Allen and Unwin 1959
Témata:
Tagy: Přidat tag
Žádné tagy, Buďte první, kdo vytvoří štítek k tomuto záznamu!

MARC

LEADER 00000nam a2200000 a 4500
001 UCY3105
003 CL-VaPUC
008 941213e19590000UK |||||||||||||||||eng|d
082 0 4 |a 551.46  |b BAR  |2 21 
100 0 |a Barnes, Harold  |e author  |9 331314 
245 1 0 |a Apparatus and methods of oceanography 
300 |a v 
942 |c BK 
945 |d 19941213 00:00:00  |a mfernand 
260 |a Londres  |b George Allen and Unwin  |c 1959 
650 0 |a Oceanografía  |9 260014 
650 0 |a Biología marina  |9 259965 
650 7 |a HIDROGRAFIA  |2 CL-VaPUC  |9 261115 
583 |a last modification  |c 20190729 10:47:31  |k Rodrigo Vera 
999 |c 231335  |d 231333 
952 |0 0  |1 0  |2 ddc  |4 0  |6 551_460000000000000_BAR_1959  |7 0  |8 P  |9 234491  |a BIBCUR  |b BIBCUR  |c PAC  |d 2019-11-15  |h v.1  |i 3043045  |o 551.46 BAR 1959  |p 3043045  |r 2025-04-22  |w 2019-11-15  |y BK  |k CIM